| 000 | 00958cam a22001814a 4500 | ||
|---|---|---|---|
| 005 | 20250605164344.0 | ||
| 008 | 250528s ||||||||||||||||||||||||d | ||
| 035 | _a23785 | ||
| 040 |
_aGR-AtMCL _bgre _dGR-AtMCL _eAACR2 |
||
| 245 | 1 | _aThe Influence of 5 Traits of Personality in the Creation of Avatar as Real or Ideal Self/A Study of the Roles of Gender and Age | |
| 260 | _c2012 | ||
| 300 | _a1 | ||
| 520 | _aAbstract, Introduction, Avatar in Virtual World, Avatar and Personality, Ocean Questionnaire, Gap to Knowledge, Rationale, Aim, Hypothesis, Methodology, Design, Participants, Materials, Procedure, Ethical Considerations, Analytic Strategy, Results, Regression Analysis, Chi Square and Age, Chi Square and Gender, Discussion, Avatar and Personality, Avatar and Ages, Avatar and Gender, Imlications of Findings, Further Research, Conclusions. | ||
| 700 | 1 |
_aBougonikolou Eleftheria _99317 |
|
| 942 | _cDS | ||
| 999 |
_c8722 _d8722 |
||